Hỏi và đáp các bệnh về mắt

Gespeichert in:
Bibliographische Detailangaben
1. Verfasser: Phan, Dẫn
Format: Buch
Sprache:Undetermined
Veröffentlicht: Hà Nội Y Học 2005
Schlagworte:
Tags: Tag hinzufügen
Keine Tags, Fügen Sie den ersten Tag hinzu!
Thư viện lưu trữ: Trung tâm Học liệu Trường Đại học Cần Thơ
LEADER 00584nam a2200205Ia 4500
001 CTU_94339
008 210402s9999 xx 000 0 und d
020 |c 18000 
082 |a 617.7 
082 |b D121 
100 |a Phan, Dẫn 
245 0 |a Hỏi và đáp các bệnh về mắt 
245 0 |c Phan Dẫn, Nguyễn Quốc Anh và Phạm Trọng Văn 
260 |a Hà Nội 
260 |b Y Học 
260 |c 2005 
650 |a Ophthalmology,eye 
650 |x diseases 
904 |i Q. Hiếu 
980 |a Trung tâm Học liệu Trường Đại học Cần Thơ